Trade expansion and economic cooperation agreement between India, U.A.R. and Yugoslavia, concluded on 23rd December 1967. (Record no. 85403)

MARC details
000 -LEADER
fixed length control field 00834cam a2200229 4500
001 - CONTROL NUMBER
control field sa 68013854
003 - CONTROL NUMBER IDENTIFIER
control field DLC
005 - DATE AND TIME OF LATEST TRANSACTION
control field 20260227112626.0
008 - FIXED-LENGTH DATA ELEMENTS--GENERAL INFORMATION
fixed length control field 691205s1968 ii 00000 eng
010 ## - LIBRARY OF CONGRESS CONTROL NUMBER
LC control number sa 68013854 //r89
025 ## - OVERSEAS ACQUISITION NUMBER
Overseas acquisition number PL480:I-E-9907
043 ## - GEOGRAPHIC AREA CODE
Geographic area code a-ii---
-- e-yu---
-- f-ua---
050 0# - LIBRARY OF CONGRESS CALL NUMBER
Classification number LAW
082 ## - DEWEY DECIMAL CLASSIFICATION NUMBER
Classification number 382/.954
110 10 - MAIN ENTRY--CORPORATE NAME
Corporate name or jurisdiction name as entry element India (Republic).
Form subheading Treaties, etc. Dec. 23, 1967.
245 10 - TITLE STATEMENT
Title Trade expansion and economic cooperation agreement between India, U.A.R. and Yugoslavia, concluded on 23rd December 1967.
260 0# - PUBLICATION, DISTRIBUTION, ETC.
Place of publication, distribution, etc. New Delhi,
Name of publisher, distributor, etc. Directorate of Commercial Publicity, Ministry of Commerce, Govt. of India
Date of publication, distribution, etc. [1968]
300 ## - PHYSICAL DESCRIPTION
Extent 39 p.
Dimensions 24 cm.
650 #0 - SUBJECT ADDED ENTRY--TOPICAL TERM
Topical term or geographic name entry element Tariff
General subdivision Law and legislation
Geographic subdivision India.
650 #0 - SUBJECT ADDED ENTRY--TOPICAL TERM
Topical term or geographic name entry element Tariff
General subdivision Law and legislation
Geographic subdivision Egypt.
650 #0 - SUBJECT ADDED ENTRY--TOPICAL TERM
Topical term or geographic name entry element Tariff
General subdivision Law and legislation
Geographic subdivision Yugoslavia.

No items available.

Powered by Koha